• 首页
  • 本馆介绍
  • 公告通知
  • 最新文献
  • 馆藏检索
  • 电子资源
  • 读者导购
  • 参考咨询
  • 我的图书馆
  • 登录
  • 详细信息显示
  • 放入我的书架
  • 预约/预借图书
  • 作者相关作品
  • 分类相关作品
  • 丛书相关作品
  • 出版社相关作品

书目信息

  • 表格格式
  • 工作单格式
  • 卡片格式
题名:
中国师专学报简介
    
 
作者: ;全国师专学报联络中心 编著
分册:  
出版信息: 香港   正之出版社有限公司  1993
页数: 133页
开本: 20cm
丛书名:
单 册:
中图分类: G65
科图分类:
主题词: 教育--各级
电子资源:
ISBN: 962-7519-64-2
000 00652nam0 2200193 450
001 0756347352
005 20070730163617.37
010    @a962-7519-64-2@dCNY10.00
100    @a20070706d1993 km y0chiy0120 ea
101 0  @achi
102    @aCN@b110000
200 1  @a中国师专学报简介@Azhong guo shi zhuan xue bao jian jie@f全国师专学报联络中心编著@Fquan guo shi zhuan xue bao lian luo zhong xin bian zhu
210    @a香港@c正之出版社有限公司@d1993
215    @a133页@d20cm
606 0  @a教育@x各级
690    @aG65@v3
711 02 @a全国师专学报联络中心@Aquan guo shi zhuan xue bao lian luo zhong xin@4编著
801  0 @aCN@bPFT@c20070730
905    @a10447@dG65@e93
    
    中国师专学报简介/全国师专学报联络中心编著.-香港:正之出版社有限公司,1993
    133页;20cm
    
    
    ISBN 962-7519-64-2:CNY10.00
    
●
相关链接 在E读中查询图书 在五车中查询图书 在当当中查询图书 在豆瓣中查询图书


正题名:中国师专学报简介     索取号:G65/93         预约/预借

序号 登录号 条形码 馆藏地/架位号 状态 备注
1 0787513   207875138   密集书库/ [索取号:G65/93] 在馆    
2 0787514   207875147   密集书库/ [索取号:G65/93] 在馆    
3 0787515   207875156   第一样本阅览室/ [索取号:G65/93] 在馆    
唐山师范学院图书馆 欢迎您!
大连网信软件有限公司© 版权所有